| 000 | 00582nam a2200193Ia 4500 | ||
|---|---|---|---|
| 005 | 20260429112207.0 | ||
| 008 | 260429s9999||||xx |||||||||||||| ||und|| | ||
| 020 | _a9789387867567 | ||
| 041 | _aEnglish | ||
| 082 |
_a934 _bIYE |
||
| 100 | _aIyengar, P. T. Srinivas | ||
| 245 | 0 |
_aHistory of the Indian people life in ancient India : _bin the age of the mantras / _cP. T. Srinivas Iyengar |
|
| 250 | _a1st ed. | ||
| 260 |
_aChennai : _bMaven Books, _c2023. |
||
| 300 | _ax, 140 p.; pbk | ||
| 650 | _a Social life and customs | ||
| 650 | _aIndia-History, Ancient | ||
| 942 | _cTB | ||
| 999 |
_c52825 _d52825 |
||